Footballers That Share Their Last Name With Another Footballer's First Name - Statistics

General Stats
  • This quiz has been taken 325 times
  • The average score is 10 of 14
Answer Stats
First Name Common Name Last Name % Correct
Filipe Luis Suarez
95%
Luca Toni Kroos
94%
Julio Cesar Azpilicueta
87%
David Luiz Gustavo
82%
Alfredo di Stefano Sturaro
82%
Roberto Carlos Bacca
81%
David James Rodriguez
80%
John Mikel Arteta
78%
Jeremy Mathieu Debuchy
76%
Juan Jesus Navas
74%
Sergi Roberto Pereyra
68%
Luis Alberto Moreno
56%
Wes Brown Indeye
37%
John Terry Antonis
19%
No matching quizzes found
Score Distribution
Percent of People with Each Score
Percentile by Number Answered
Your Score History
You have not taken this quiz